| 000 | 00825nam a2200241 u 4500 | ||
|---|---|---|---|
| 005 | 20260221064007.0 | ||
| 008 | 191127s2008 sp r 000 0 spa d | ||
| 020 | _a9789493593742 | ||
| 035 | _aUPN01000234439 | ||
| 040 |
_aMX-MxUPN _bspa _cMX-MxUPN |
||
| 050 |
_aBD241 _bC85 2008 |
||
| 245 | 0 | 0 |
_aCultura, hermenéutica y educación / _cJoaquín Esteban Ortega, editor. |
| 260 |
_aValladolid, España : _bUniversidad Europea Miguel de Cervantes, Servicio de Publicaciones : _bCentro Internacional de Cultura Escolar, _c2008. |
||
| 300 | _a230 páginas | ||
| 490 |
_aSeminarium ; _v1 |
||
| 650 | 4 |
_aHermenéutica _95799 |
|
| 650 | 4 |
_aEducación _xFilosofía _94994 |
|
| 650 | 4 |
_aCultura _97095 |
|
| 700 | 1 |
_aEsteban Ortega, Joaquín _eeditor _933089 |
|
| 905 | _aLibro | ||
| 942 |
_n0 _cLIBRO _2lcc |
||
| 999 |
_c206534 _d206534 |
||